Federico Fellini

Salvato in:
Dettagli Bibliografici
Autore principale: Salachas, Gilbert (Autore)
Natura: Libro
Lingua:francese
Pubblicazione: París Seghers 1970
Edizione:3a. ed
Serie:Cinemá d'aujourd'hui, 13
Soggetti:
Tags: Aggiungi Tag
Nessun Tag, puoi essere il primo ad aggiungerne!!

MARC

LEADER 00000nam a2200000 a 4500
001 UCV8443
003 CL-VaPUC
008 910715e19700000FR |||||||||||||||||fre|d
082 0 4 |a 791.4309  |b SAL  |2 21 
100 0 |a Salachas, Gilbert  |e author  |9 302492 
245 1 0 |a Federico Fellini 
250 |a 3a. ed 
300 |a 221 p 
942 |c BK 
945 |d 19910715 00:00:00 
260 |a París  |b Seghers  |c 1970 
600 0 7 |a FELLINI, FEDERICO  |2 CL-VaPUC  |9 266646 
650 0 |a Productores y directores de cine  |9 266427 
651 0 |a Italia  |9 254949 
583 |a last modification  |c 20180314 14:49:00  |k Rodrigo Vera 
490 0 |a Cinemá d'aujourd'hui, 13 
999 |c 213956  |d 213954